| 000 | 00418nam a22001457a 4500 | ||
|---|---|---|---|
| 082 |
_a532.2 _bBES _cL-5 P-5 |
||
| 100 |
_aBesant, W>H. _939989 |
||
| 245 | _aA treatise on hydromechanics | ||
| 260 |
_aGreat Britain _bNeill & Co Ltd _c1934 |
||
| 300 |
_aviii, 136 p. : _bill, : _c6 Cm |
||
| 526 |
_a0 _b0 _c0 _d532_200000000000000_BES |
||
| 526 |
_a0 _b0 _c0 _d532_200000000000000_BES |
||
| 650 |
_aMCE _9379 |
||
| 942 |
_2ddc _cBK |
||
| 999 |
_c544375 _d544375 |
||